000 00269nam a22001217a 4500
008 160507b xxu||||| |||| 00| 0 eng d
020 _a9780805375053
020 _a0805375058
041 _aeng
080 _a573
245 _aBiology:
_cCampbell Reece;
942 _2udc
_cBK
999 _c1886
_d1886